000 00356nam a22001097a 4500
082 _a891.433
100 _aसंतोष चौबे
_982643
245 _aविज्ञान कथा कोश खंड 2
260 _aभोपाल
_b आईसेक्ट पब्लिकैशन
_c2022
650 _aकहानिया
942 _cHIN
999 _c67324
_d67324